• 首页
  • 本馆介绍
  • 公告通知
  • 最新文献
  • 馆藏检索
  • 电子资源
  • 读者导购
  • 参考咨询
  • 我的图书馆
  • 登录
  • 详细信息显示
  • 放入我的书架
  • 预约/预借图书
  • 作者相关作品
  • 分类相关作品
  • 丛书相关作品
  • 出版社相关作品

书目信息

  • 表格格式
  • 工作单格式
  • 卡片格式
题名:
人力资源与中华经济发展战略研究
    
 
作者: 张向前 著
分册:  
出版信息: 成都   电子科技大学出版社  2014.03
页数: 10,266页
开本: 24cm
丛书名: 华侨大学华商管理研究文库
单 册:
中图分类: C964.2
科图分类:
主题词: 人才资源开发--研究--中国 , 人才资源开发
电子资源:
ISBN: 978-7-5647-1940-1
000 01068oam2 2200289 450
001 0120141253181
005 20140611145919.90
010    @a978-7-5647-1940-1@dCNY58.00
100    @a20140313d2014 em y0chiy0110 ea
101 0  @achi@deng@eeng
102    @aCN@b510000
105    @aa z 000yy
106    @ar
200 1  @a人力资源与中华经济发展战略研究@9ren li zi yuan yu zhong hua jing ji fa zhan zhan lue yan jiu@f张向前著
210    @a成都@c电子科技大学出版社@d2014.03
215    @a10,266页@c图@d24cm
225 2  @a华侨大学华商管理研究文库
300    @a国家社会科学基金资助项目(NO.02CJY02)
330    @a本书共分为六篇二十三章,主要内容包括:绪论、两岸四地人力资本与经济发展相关分析、两岸四地人才开发战略分析、古今中外人才开发的若干启示等。
333    @a人力资源与中华经济发展战略研究相关人员
461  0 @12001 @a华侨大学华商管理研究文库
606 0  @a人才资源开发@x研究@y中国
606 0  @a人才资源开发
690    @aC964.2@v5
701  0 @a张向前@9zhang xiang qian@f(1976-)@4著
801  0 @aCN@b人天书店@c20140313
905    @b845252-54@dC964.2@e71@f3
    
    人力资源与中华经济发展战略研究/张向前著.-成都:电子科技大学出版社,2014.03
    10,266页:图;24cm.-(华侨大学华商管理研究文库)
    国家社会科学基金资助项目(NO.02CJY02).-使用对象:人力资源与中华经济发展战略研究相关人员
    
    ISBN 978-7-5647-1940-1:CNY58.00
    本书共分为六篇二十三章,主要内容包括:绪论、两岸四地人力资本与经济发展相关分析、两岸四地人才开发战略分析、古今中外人才开发的若干启示等。
●
相关链接 在E读中查询图书 在五车中查询图书 在当当中查询图书 在豆瓣中查询图书


正题名:人力资源与中华经济发展战略研究     索取号:C964.2/71         预约/预借

序号 登录号 条形码 馆藏地/架位号 状态 备注
1 845252   208452529   第一样本阅览室/ [索取号:C964.2/71] 在馆    
2 845253   208452538   第一借阅区/ [索取号:C964.2/71] 在馆    
3 845254   208452547   第一借阅区/ [索取号:C964.2/71] 在馆    
唐山师范学院图书馆 欢迎您!
大连网信软件有限公司© 版权所有